Záhradkári verzus vlastníci

Bibliographic Details
Main Author: Dolešová, Patrícia (Author)
Format: Article
Language:Slovak
ISSN:1335-440X
Subjects:

MARC

LEADER 00000nab a2200000 ar4500
001 vtls010191714
003 SK-MaSNL
005 20260426071157.0
008 101124c20101112xo ||||||||||||00 b|slo
015 |a SNBRB2010/11  |2 snkbucl 
038 |a SNKBUCL 
040 |a SNKBUCL  |b slo  |c SNKBUCL  |e AACR2 
041 0 |a slo 
044 |a xo  |c SK 
080 |a 347.235  |x (437.6)  |2 1997 
080 |a 332.74  |x (437.6)  |2 1997 
100 1 |a Dolešová, Patrícia  |4 aut  |9 274870 
245 1 0 |a Záhradkári verzus vlastníci  |c Patrícia Dolešová 
650 0 7 |a záhradkárske osady  |2 snkbucl  |9 111946 
650 0 7 |a pozemkové vlastníctvo  |2 snkbucl  |9 69378 
650 0 7 |a pozemky  |2 snkbucl  |9 15852 
650 0 7 |a všeobecná hodnota pozemkov  |2 snkbucl  |9 1325432 
650 0 7 |a zákony  |2 snkbucl  |9 1156 
651 7 |a Slovensko  |2 snkbucl  |9 14231 
773 0 |t Sme. Roľnícke noviny  |g Č. 261 (12.11.2010)  |x 1335-440X 
773 0 8 |i Príl.:  |t Roľnícke noviny  |g Č. 46 (10.11.2010), s. 23 
852 |a SNK  |b KIS3GCP 
958 |a SK 
999 |c 2675821  |d 2677751